Chivas Młody Say10(odgadnij wszystkie numery z płyty) - Statystyki

Ogólne statystyki
  • Ten quiz został rozwiązany 422 razy
  • Średni wynik to 10 z 12
Statystyki odpowiedzi
Hint Odpowiedź % Poprawnych
2 Narcyz
97%
1 Anyżowe żelki
95%
4 Drzewko
92%
3 Koleżanko mojej byłej
89%
7 Kupić jej gaz czy torebkę?
89%
6 Miałem kolegę bartka
86%
11 Narcyz w klubie
84%
5 To ostatni raz gdy jadę nad bałtyk
82%
9 Mam chyba za drogie auto
80%
8 Jesteś najlepszy/najlepsza
78%
10 Prevka na płytę może(młody say10)
58%
12 Demo
34%
Nie znaleziono quizów pasujących do podanych kryteriów
Rozkład punktacji
Procent ludzi z każdym wynikiem
Percentyl według liczby udzielonych odpowiedzi
Twoja historia wyników
Nie rozwiązałeś tego quizu